000 00289nam a2200133Ia 4500
008 240624s9999 xx 000 0 und d
041 _aeng
082 _a828 CHI
100 _aCHIDIAC DANIEL
245 _aWHO SAYS YOU CAN T YOU DO
260 _c2018
300 _a368 p.
365 _cRS
999 _c30905
_d30905